| 000 | 00476 a2200169 4500 | ||
|---|---|---|---|
| 999 |
_c1986 _d1986 |
||
| 020 | _a0552607728 | ||
| 050 | _aLB 1025 FAR 1980 | ||
| 100 | _aJ.S,Farant | ||
| 245 |
_aPrinciples and practice of education / _cFarant J.S |
||
| 250 | _aNew edition | ||
| 264 |
_aLondon: _b Longman, _c1980 |
||
| 300 |
_a38p. : _bill. |
||
| 500 | _aIncludes index | ||
| 650 | _aTeachers -- Training of -- Africa. | ||
| 650 | _aeducation -- Study and teaching. | ||
| 942 |
_2lcc _cBK _h1025 _iFAR _kLB |
||